Acquisition and processing of Marine Seismic Data.

Guardado en:
Detalles Bibliográficos
Autor principal: Dondurur, Derman (Autor)
Formato: Desconocido
Publicado: Amsterdam, Netherlands: Elsevier, 2018.
Materias:
Etiquetas: Agregar Etiqueta
Sin Etiquetas, Sea el primero en etiquetar este registro!

MARC

LEADER 00000 a2200000 4500
003 CL-VaPUC
005 20220929171330.0
008 220914t2018 ||||| |||| 00| 0 eng d
999 |c 435933  |d 435931 
020 |a 9780128114902 
040 |c Pontificia Universidad Católica de Valparaíso 
082 7 |a 551.22028 DON 2018  |2 22 
100 |a Dondurur, Derman   |9 870498  |e author 
245 |a Acquisition and processing of Marine Seismic Data. 
260 |a Amsterdam, Netherlands:  |b Elsevier,  |c 2018. 
300 |a 598 páginas.  
583 |k GC  |c 20220914 
650 |a Prospección sísmica  |9 876616 
650 |a Geología submarina   |9 259962 
650 |a Datos sísmicos marinos  |x Adquisición y procesamiento  |9 876617 
942 |2 ddc  |c BK 
952 |0 0  |1 0  |2 ddc  |4 0  |6 551_220280000000000_DON_2018  |7 0  |8 A  |9 586685  |a BIBCUR  |b BIBCUR  |c GEN  |d 2022-09-12  |e 74  |g 119255.00  |i 5654646  |o 551.22028 DON 2018  |p 5654646  |r 2025-04-22  |t 1  |v 119255.00  |w 2022-09-12  |y BK  |k CIM